Noise in the process industry : [proceedings of the symposium held at] University College of Swansea, Singleton Park, Swansea, 13th and 14th April, 1976 /

Guardado en:
Autores Corporativos: Symposium on noise in the process industry Swansea), Institution of Chemical Engineers (Great Britain). South Wales Branch., Society of Chemical Industry, London. Chemical Engineering Group.
Formato: Libro
Idioma:English
Publicado: London : I. Chem. E. Services for the Institution, c1976.
Series:I. Chem. E. symposium series ; no. 46,
Materias:
Etiquetas: Agregar Etiqueta
Sin Etiquetas, Sea el primero en etiquetar este registro!
LEADER 01441cam a22002775a 4500
001 EIQ.libpla001156
008 770415s1976####enkao####b####100#0#eng#d
005 20061227182159.0
245 1 0 |a Noise in the process industry :  |b [proceedings of the symposium held at] University College of Swansea, Singleton Park, Swansea, 13th and 14th April, 1976 /  |c organised by the Institution of Chemical Engineers, South Wales Branch [and the] Society of Chemical Industry, Chemical Engineering Group. 
260 |a London :  |b I. Chem. E. Services for the Institution,  |c c1976. 
300 |a 91 p. en varias paginaciones :  |b il., fotos ;  |c 30 cm. 
490 1 |a I. Chem. E. symposium series ; no. 46,  |x 0307-0492 
504 |a Incluye referencias bibliográficas. 
020 |a 0852950101 
111 2 |a Symposium on noise in the process industry  |d (1976 :  |c Swansea) 
710 2 |a Institution of Chemical Engineers (Great Britain).  |b South Wales Branch. 
710 2 |a Society of Chemical Industry, London.  |b Chemical Engineering Group. 
810 2 |a Institution of Chemical Engineers, London.  |t I. Chem. E. symposium series ;  |v no. 46. 
082 0 0 |a 620.2/3 
650 4 |a Fábricas de productos químicos  |x Congresos. 
650 4 |a Fábricas de productos químicos  |x Ruido. 
650 4 |a Chemical plants  |x Congresses. 
650 4 |a Chemical plants  |x Noise. 
010 |a  77354872  
040 |a DLC  |c DLC  |d AR-BbSID 
859 |a AR-BbSID  |b BIB. PLAPIQUI  |h 620.23  |i Sy 68  |p 3858